000 00958nam1a2200277 i 4500
001 RU\NLR\bibl\18259
005 20240919164614.0
035 _a(NLR Aleph) 000017833
090 _a77856
_c77856
100 _a19990326g19 9999u y0rusy50 ca
101 0 _arus
102 _aRU
105 _a||||z |||||
200 1 _aРукописные собрания Государственной библиотеки СССР имени В.И. Ленина
_eУказ.
_fРос. гос. б-ка. Отд. рукописей
210 _aМ.
_cАрхеогр. центр
_d1996
215 _d22
463 0 _100117516
606 0 _aРукописи
_xСобрания библиотек
_yМосква, город
_92459014
_3RU\NLR\auth\661461355
686 _aЯ181(2)211
686 _aТ223(2)л61
686 _aЧ734(2)711.11
801 0 _aRU
_bNLR
_c19990326
_gPSBO
801 1 _aRU
_bNLR
_c19990326
852 _aNLR
_jС К-2/2127
942 _cBOOK